| 000 | 01408nam a2200277 a 4500 | ||
|---|---|---|---|
| 005 | 20251127145433.0 | ||
| 008 | 991125c1995 sp qr p r 000 0 spa d | ||
| 022 | _a1135-6308 | ||
| 035 | _aUPN01000060376 | ||
| 040 |
_aMX-MxUPN _bspa _cMX-MxUPN _eaacr2 |
||
| 245 | 0 | 0 |
_aEufonía : _bdidáctica de la música |
| 260 |
_aEspaña : _bEditorial Graó, _c1995- |
||
| 310 | _aTrimestral | ||
| 510 | _aLatindex | ||
| 510 | _aDialnet | ||
| 520 | 1 | _aEs una publicación cuyos objetivos son :proporcionar información útil para la práctica docente y para la autoformación del profesorado, contribuir a la construcción de un campo específico de la didáctica de la música, crear redes de intercambio de ideas, iniciativas y experiencias entre el profesorado, favorecer la renovación del discurso pedagógico dominante, abriendo vías para su superación crítica, buscar una influencia intelectual y práctica que permita trasladar las ideas educativas innovadoras a un sector de la profesión y a la práctica escolar y dar a las experiencias didácticas la misma «categoría» científica y el mismo valor que la investigación teórica. | |
| 650 | 4 |
_aCiencias sociales _99133 |
|
| 650 | 0 |
_aMúsica _922498 |
|
| 650 | 4 |
_aEducación _9682 |
|
| 653 | _aPedagogía | ||
| 653 | _aBellas artes | ||
| 902 | _aGloria Jiménez/271125 | ||
| 904 |
_aAC _b001108 |
||
| 905 | _aRevista | ||
| 942 | _cREV-I | ||
| 999 |
_c60168 _d60168 |
||